The Daily Guide: (Record no. 193699)
[ view plain ]
| 000 -LEADER | |
|---|---|
| fixed length control field | 00638 a2200157 4500 |
| 003 - CONTROL NUMBER IDENTIFIER | |
| control field | Nust |
| 005 - DATE AND TIME OF LATEST TRANSACTION | |
| control field | 20221215141259.0 |
| 040 ## - CATALOGING SOURCE | |
| Transcribing agency | Nust |
| 082 ## - DEWEY DECIMAL CLASSIFICATION NUMBER | |
| Classification number | 133.5, SEP |
| 100 ## - MAIN ENTRY--PERSONAL NAME | |
| Personal name | Sepharial |
| 9 (RLIN) | 104978 |
| 245 ## - TITLE STATEMENT | |
| Title | The Daily Guide: |
| Statement of responsibility, etc. | Sepharial |
| 260 ## - PUBLICATION, DISTRIBUTION, ETC. | |
| Place of publication, distribution, etc. | london |
| Name of publisher, distributor, etc. | W.Foulsham |
| 300 ## - PHYSICAL DESCRIPTION | |
| Extent | 95,p; |
| 505 ## - FORMATTED CONTENTS NOTE | |
| Formatted contents note | Introduction (Page-7), Solar Revolution (Page-14), The Lunar Revolution(Page-22), The Diurnal Horoscope (Page-30), Various Signals (Page-38), Method Of Working (Page-46), The House Of Heaven (Page-57), A Cardinal Example (Page-65), Radix And Revolution (Page-76), Transit (Page-84), Lunar Indications (Page-87). |
| 942 ## - ADDED ENTRY ELEMENTS (KOHA) | |
| Source of classification or shelving scheme | |
| Koha item type | Book |
| Withdrawn status | Lost status | Source of classification or shelving scheme | Damaged status | Not for loan | Permanent Location | Current Location | Shelving location | Date acquired | Full call number | Barcode | Date last seen | Price effective from | Koha item type | Public note |
|---|---|---|---|---|---|---|---|---|---|---|---|---|---|---|
| Military College of Signals (MCS) | Military College of Signals (MCS) | General Stacks | 12/12/2016 | 133.5,SEP | MCS30141 | 12/08/2016 | 12/12/2016 | Book | Almirah No.46, Shelf No.2 |
